000 00584nam a2200205 a 4500
005 20210219153502.0
008 991125n 000 0 u
035 _aUPN01000102308
100 _aGrassmuck, Karen
222 _aCHRONICLE OF HIGHER EDUCATION
245 _aThroughout the 80's, colleges hired more nonteaching staff than other employees
300 _aA22
362 _a37, No. 48, 1991
505 _aEnero 1992
653 0 _aADMINISTRACION DE COLEGIOS
653 0 _aADMINISTRADORES
653 0 _aMODELOS DE EMPLEO
904 _aAC
_b040119
905 _aArticulo
999 _c78134
_d78134